000
00285 a2200121 4500
001
38639
082
_a
891.4398 DAW
090
_c
24507
_d
24507
100
_a
Dawns Robert B
245
_a
Azeem Kitabain
_c
Dawns Robert B
260
_a
Lahore
_b
Faction House
_c
1997
300
_a
311 p
942
_a
NUST-CAE
_k
891.4398 DAW
999
_c
273712
_d
273712